[Event "European Blitz 2016"]
[Site "Tallinn EST"]
[Date "2016.12.17"]
[Round "12.28"]
[White "Grandelius, Nils"]
[Black "Lovkov, Roman"]
[Result "1-0"]
[WhiteTitle "GM"]
[BlackTitle "IM"]
[WhiteElo "2643"]
[BlackElo "2433"]
[WhiteFideId "1710400"]
[BlackFideId "4157389"]
[EventDate "2016.12.17"]

1. d4 Nf6 2. Nc3 d5 3. Bf4 e6 4. Nb5 Na6 5. e3 c6 6. Nc3 b5 7. Nf3 Bd6 8. Ne5
Nb8 9. Bd3 Qc7 10. O-O b4 11. Na4 Nbd7 12. Nxd7 Nxd7 13. Bxd6 Qxd6 14. e4 dxe4
15. Bxe4 Ba6 16. Re1 Bc4 17. a3 a5 18. axb4 axb4 19. Nc5 O-O 20. Rxa8 Rxa8 21.
Nxd7 Qxd7 22. Qd2 Qd6 23. h4 Bd5 24. Bd3 h6 25. Qe3 Ra2 26. c4 bxc3 27. bxc3 Ra3
28. Rc1 Ba2 29. Qe4 f5 30. Qe3 Qb8 31. c4 Kf7 32. g4 fxg4 33. Bg6+ Kxg6 34. Qxa3
Qf4 35. Qd3+ Kf7 36. Ra1 1-0

[Event "European Blitz 2016"]
[Site "Tallinn EST"]
[Date "2016.12.17"]
[Round "12.29"]
[White "Bologan, Victor"]
[Black "Cherepov, Alexej"]
[Result "1-0"]
[WhiteTitle "GM"]
[WhiteElo "2640"]
[BlackElo "2106"]
[WhiteFideId "13900048"]
[BlackFideId "13503650"]
[EventDate "2016.12.17"]

1. e4 Nf6 2. e5 Nd5 3. d4 d6 4. Nf3 Bg4 5. Be2 c6 6. c4 Nc7 7. exd6 Qxd6 8. O-O
g6 9. Nc3 Bg7 10. Qb3 O-O 11. c5 Qd7 12. Qxb7 Bxf3 13. Bxf3 Bxd4 14. Rd1 e5 15.
Bh6 Rd8 16. Ne4 Kh8 17. Bg5 Qc8 18. Qxc8 Rxc8 19. Nd6 Rf8 20. Be7 Kg8 21. Bxf8
Kxf8 22. Rac1 Ne6 23. b4 a5 24. b5 Bxc5 25. bxc6 Ra7 26. Nb5 Re7 27. c7 Nxc7 28.
Rxc5 1-0

[Event "European Blitz 2016"]
[Site "Tallinn EST"]
[Date "2016.12.17"]
[Round "12.30"]
[White "Rigopoulos-Tsigkos, Alexandros"]
[Black "Zhigalko, Sergei"]
[Result "0-1"]
[BlackTitle "GM"]
[WhiteElo "2111"]
[BlackElo "2671"]
[WhiteFideId "4215109"]
[BlackFideId "13502956"]
[EventDate "2016.12.17"]

1. e4 c5 2. Nf3 Nc6 3. c3 Nf6 4. e5 Nd5 5. d4 cxd4 6. Bc4 Nb6 7. Bb3 g6 8. cxd4
Bg7 9. O-O O-O 10. Re1 d5 11. h3 Bf5 12. Nc3 Rc8 13. Qe2 a6 14. Bg5 h6 15. Bf4
Qd7 16. Qe3 g5 17. Bh2 Na5 18. e6 Qxe6 19. Qd2 Nbc4 20. Qc1 Qd7 21. Bc2 Bxc2 22.
Qxc2 Nc6 23. Rad1 e6 24. b3 Nd6 25. Qe2 Nxd4 26. Nxd4 Rxc3 27. h4 Ne4 28. hxg5
hxg5 29. Qh5 Qe7 30. Nf3 Qf6 31. Be5 Qg6 32. Qg4 Rc2 33. Bxg7 Qxg7 34. Nd4 Nxf2
35. Qf3 Nxd1 36. Nxc2 Nc3 37. Qf2 Ne4 38. Qe3 Rc8 39. Nd4 Rc3 40. Qe2 Qxd4+ 0-1

[Event "European Blitz 2016"]
[Site "Tallinn EST"]
[Date "2016.12.17"]
[Round "12.31"]
[White "Cvitan, Ognjen"]
[Black "Tomazini, Zan"]
[Result "1-0"]
[WhiteTitle "GM"]
[BlackTitle "IM"]
[WhiteElo "2491"]
[BlackElo "2414"]
[WhiteFideId "14500086"]
[BlackFideId "14608162"]
[EventDate "2016.12.17"]

1. d4 Nf6 2. c4 g6 3. Nc3 Bg7 4. e4 d6 5. Nf3 O-O 6. Be2 Na6 7. Bf4 Nh5 8. Be3
e5 9. O-O Nf4 10. Re1 Nxe2+ 11. Qxe2 Bg4 12. Rad1 Qe8 13. h3 Bc8 14. a3 f5 15.
exf5 gxf5 16. dxe5 dxe5 17. Bf4 e4 18. Nd4 Qg6 19. b4 c5 20. Nd5 Kh8 21. Nb5 Be6
22. Bd6 Rg8 23. Nf4 Qf7 24. Nxe6 Qxe6 25. bxc5 Rae8 26. Rd5 Bf6 27. Nd4 Bxd4 28.
Rxd4 f4 29. Rxe4 Qxe4 30. Qb2+ 1-0

[Event "European Blitz 2016"]
[Site "Tallinn EST"]
[Date "2016.12.17"]
[Round "12.32"]
[White "Jankovic, Alojzije"]
[Black "Bernotas, Arturs"]
[Result "1-0"]
[WhiteTitle "GM"]
[BlackTitle "FM"]
[WhiteElo "2591"]
[BlackElo "2332"]
[WhiteFideId "14505959"]
[BlackFideId "11601426"]
[EventDate "2016.12.17"]

1. d4 Nf6 2. Nf3 e6 3. c4 b6 4. g3 Ba6 5. Qc2 Bb7 6. Bg2 c5 7. d5 exd5 8. cxd5
Nxd5 9. O-O Be7 10. Rd1 Nc6 11. Qa4 Nc7 12. Bf4 Ne6 13. e3 Nxf4 14. gxf4 Bf6 15.
Nc3 O-O 16. Rd2 Bxc3 17. bxc3 Qe7 18. Rad1 Rfd8 19. Rd6 f6 20. Nh4 Kh8 21. Nf5
Qf7 22. Bxc6 Qg6+ 23. Ng3 Bxc6 24. Qxc6 1-0

[Event "European Blitz 2016"]
[Site "Tallinn EST"]
[Date "2016.12.17"]
[Round "13.1"]
[White "Andreikin, Dmitry"]
[Black "Mamedov, Rauf"]
[Result "1/2-1/2"]
[WhiteTitle "GM"]
[BlackTitle "GM"]
[WhiteElo "2737"]
[BlackElo "2688"]
[WhiteFideId "4158814"]
[BlackFideId "13401653"]
[EventDate "2016.12.17"]

1. d4 Nf6 2. c4 g6 3. Nc3 Bg7 4. e4 d6 5. h3 O-O 6. Be3 c5 7. Nf3 cxd4 8. Nxd4
Nc6 9. Be2 Nxd4 10. Bxd4 Bd7 11. O-O a5 12. Qc2 Bc6 13. Rad1 Nd7 14. Bxg7 Kxg7
15. Bg4 Nf6 16. e5 Nxg4 17. hxg4 Qc8 18. Qe2 dxe5 19. Qxe5+ Kg8 20. f3 e6 21. g5
Qb8 22. Rd6 Qc7 23. c5 Rac8 24. Rfd1 b6 25. Kh1 bxc5 26. Qxc5 Qb7 27. Qf2 Qb4
28. R1d4 Qc5 29. Qe3 Rb8 30. Qd2 Ba8 31. a3 Qe5 32. Rd8 Kg7 33. Rxf8 Rxf8 34.
Rh4 Rd8 35. Rxh7+ Kxh7 36. Qxd8 1/2-1/2

[Event "European Blitz 2016"]
[Site "Tallinn EST"]
[Date "2016.12.17"]
[Round "13.2"]
[White "Leko, Peter"]
[Black "Navara, David"]
[Result "0-1"]
[WhiteTitle "GM"]
[BlackTitle "GM"]
[WhiteElo "2693"]
[BlackElo "2725"]
[WhiteFideId "703303"]
[BlackFideId "309095"]
[EventDate "2016.12.17"]

1. e4 c5 2. Nf3 d6 3. d4 cxd4 4. Nxd4 Nf6 5. Nc3 a6 6. g3 e6 7. Bg2 Be7 8. O-O
Qc7 9. Be3 Nc6 10. a4 O-O 11. Nxc6 bxc6 12. a5 Nd7 13. Na4 Rb8 14. Nb6 c5 15.
Nxc8 Rfxc8 16. b3 Bf6 17. Ra4 Ne5 18. Re1 Nc6 19. Qd2 Bd4 20. Bf1 Bxe3 21. Rxe3
Rb4 22. Bxa6 Ra8 23. Rxb4 Nxb4 24. Be2 Rxa5 25. c3 Ra2 26. Qd1 Nc2 27. Qd2 Ra1+
28. Kg2 Nxe3+ 29. Qxe3 h6 30. Bc4 Qc6 31. Qd3 Re1 32. f3 Ra1 33. h4 Ra2+ 34. Kh3
Rb2 35. h5 Qd7 36. g4 d5 37. exd5 Qd6 38. f4 Qxf4 39. Qg3 Qxg3+ 40. Kxg3 exd5
41. Bxd5 Rc2 42. c4 Kf8 43. Kf4 Ke7 44. Ke5 f6+ 45. Kf5 Rc3 46. Kg6 Kf8 47. Kh7
Rxb3 48. Kg6 Re3 49. Kh7 Re5 50. Bf3 Rg5 51. Be2 f5 52. gxf5 Rxf5 53. Bd1 Rg5
54. Bf3 Kf7 0-1

[Event "European Blitz 2016"]
[Site "Tallinn EST"]
[Date "2016.12.17"]
[Round "13.3"]
[White "Andriasian, Zaven"]
[Black "Ponomariov, Ruslan"]
[Result "0-1"]
[WhiteTitle "GM"]
[BlackTitle "GM"]
[WhiteElo "2621"]
[BlackElo "2709"]
[WhiteFideId "13302000"]
[BlackFideId "14103320"]
[EventDate "2016.12.17"]

1. e4 c5 2. Nf3 e6 3. g3 Nc6 4. Bg2 Nf6 5. Qe2 e5 6. O-O Be7 7. c3 O-O 8. d3 Re8
9. a4 Bf8 10. Na3 d5 11. exd5 Nxd5 12. Nc4 f6 13. Re1 Be6 14. a5 Qd7 15. Be3
Rad8 16. Red1 b5 17. axb6 axb6 18. Nfd2 b5 19. Na3 b4 20. cxb4 Ndxb4 21. Ne4 Nd4
22. Bxd4 Qxd4 23. Bf1 Qd7 24. Rac1 Bg4 25. f3 Bh5 26. Nc4 Nc6 27. Qf2 Nd4 28.
Bg2 Bf7 29. Ne3 Qb5 30. Nc3 Qb4 31. f4 exf4 32. gxf4 Nb3 33. Rc2 Qd4 34. Nf5
Qxf2+ 35. Rxf2 g6 36. Ng3 f5 37. Re2 Bd6 38. Nd5 Kg7 39. Rxe8 Rxe8 40. Kf1 Nd4
41. Kf2 Bxd5 42. Bxd5 Bxf4 43. Nf1 Re2+ 44. Kg1 Rxb2 45. Ra1 h5 46. Ra7+ Kh6 47.
Ra6 Ne2+ 48. Kh1 Bc7 49. Ne3 Kg5 50. h4+ Kf4 51. Ng2+ Ke5 52. Ba2 Kd4 53. Ne1
Ke3 54. Bd5 Nf4 55. Ng2+ Nxg2 56. Bxg2 Rb1+ 57. Bf1 Rxf1+ 58. Kg2 Rf4 0-1

[Event "European Blitz 2016"]
[Site "Tallinn EST"]
[Date "2016.12.17"]
[Round "13.4"]
[White "Anton Guijarro, David"]
[Black "Vitiugov, Nikita"]
[Result "0-1"]
[WhiteTitle "GM"]
[BlackTitle "GM"]
[WhiteElo "2650"]
[BlackElo "2726"]
[WhiteFideId "2285525"]
[BlackFideId "4152956"]
[EventDate "2016.12.17"]

1. d4 Nf6 2. c4 e6 3. Nf3 d5 4. Nc3 Nbd7 5. e3 a6 6. b3 b6 7. Bb2 Bb7 8. Bd3 Bd6
9. O-O O-O 10. a4 a5 11. Rc1 Rc8 12. cxd5 Nxd5 13. Nb5 Nb4 14. Bb1 Be7 15. e4
Ba6 16. Re1 c6 17. Nc3 Nf6 18. e5 Nfd5 19. Ne4 h6 20. Ng3 c5 21. dxc5 Bxc5 22.
Qd2 Ne7 23. Qf4 Nd3 24. Bxd3 Qxd3 25. Rc3 Nd5 26. Rxd3 Nxf4 27. Rd7 Nd3 28. Re2
Rfd8 29. Ra7 Nb4 30. Rd2 Rxd2 31. Nxd2 Rd8 32. Nge4 Be2 33. h4 Nd3 34. Bc3 Bd4
35. Bxd4 Rxd4 36. Ng3 Bd1 37. Nc4 Bxb3 38. Nxb6 Bxa4 39. Rxa5 Bc6 40. h5 Nf4 41.
Nc8 Bxg2 42. Nd6 Bf3 43. Rc5 Nxh5 44. Rc8+ Kh7 45. Nxf7 Nf4 46. Rh8+ Kg6 47. Nd6
Nh3+ 48. Kh2 Nxf2 49. Rf8 Ng4+ 50. Kh3 Nxe5 51. Ne8 Bg4+ 52. Kg2 Rd2+ 53. Kf1
Nf3 0-1

[Event "European Blitz 2016"]
[Site "Tallinn EST"]
[Date "2016.12.17"]
[Round "13.5"]
[White "Kovalenko, Igor"]
[Black "Jovanovic, Zoran"]
[Result "1-0"]
[WhiteTitle "GM"]
[BlackTitle "GM"]
[WhiteElo "2684"]
[BlackElo "2534"]
[WhiteFideId "14117908"]
[BlackFideId "14505320"]
[EventDate "2016.12.17"]

1. c4 g6 2. d4 Bg7 3. Nf3 d6 4. Nc3 e5 5. e4 Nc6 6. d5 Nd4 7. Be3 Bg4 8. Be2
Bxf3 9. Bxf3 Ne7 10. Nb5 c5 11. Nxd4 exd4 12. Bd2 O-O 13. O-O a6 14. a4 Qd7 15.
Bg4 f5 16. exf5 Nxf5 17. Qb3 Rae8 18. Rae1 h5 19. Bh3 Kh7 20. a5 Bh6 21. f4 Bg7
22. Qd3 Qf7 23. Bxf5 Qxf5 24. Qxf5 gxf5 25. Kf2 Re4 26. Kf3 Rfe8 27. b4 d3 28.
bxc5 dxc5 29. d6 Bf6 30. d7 R8e6 31. Re3 Rxe3+ 32. Bxe3 Rd6 33. Bxc5 Rxd7 34.
Bb4 Kg6 35. Rd1 Rd4 36. Bc3 Rxc4 37. Bxf6 Kxf6 38. Rxd3 Rc5 39. Rd6+ Kg7 40.
Rd7+ Kg6 41. Rxb7 Rxa5 42. Rb6+ Kg7 43. Kg3 Ra2 44. Kh3 a5 45. Ra6 a4 46. g3 a3
47. Kh4 Rxh2+ 48. Kg5 a2 49. Ra7+ Kf8 50. Kf6 Ke8 51. Kxf5 Rg2 52. Kf6 Rxg3 53.
Rxa2 h4 54. Ra8+ Kd7 55. Rh8 h3 56. f5 Kd6 57. Rh5 Rf3 58. Rh8 Kd5 59. Rh4 Kd6
60. Rd4+ Kc5 61. Rd8 h2 62. Rh8 Rf2 63. Ke6 Re2+ 64. Kf7 Rf2 65. f6 Kd6 66. Rh5
Kd7 67. Rh6 Kd6 68. Ke8 Re2+ 69. Kf8 Rf2 70. f7+ Kd5 71. Kg7 Rg2+ 72. Kf8 Kd4
73. Ke7 Re2+ 74. Kd6 Rf2 75. Rh4+ Kd3 76. Kd5 1-0

[Event "European Blitz 2016"]
[Site "Tallinn EST"]
[Date "2016.12.17"]
[Round "13.6"]
[White "Munoz, Miguel"]
[Black "Neiksans, Arturs"]
[Result "1-0"]
[WhiteTitle "GM"]
[BlackTitle "GM"]
[WhiteElo "2473"]
[BlackElo "2631"]
[WhiteFideId "3800229"]
[BlackFideId "11601388"]
[EventDate "2016.12.17"]

1. e4 c5 2. g3 d5 3. exd5 Qxd5 4. Nf3 Bg4 5. Be2 Nc6 6. h3 Bf5 7. Nc3 Qd7 8. g4
Bg6 9. d3 f6 10. Be3 e5 11. Bf1 b6 12. Bg2 Nge7 13. Nd2 Bf7 14. f4 Nd5 15. Qf3
O-O-O 16. Nxd5 Bxd5 17. Qxd5 Qxd5 18. Bxd5 Rxd5 19. O-O-O exf4 20. Bxf4 Bd6 21.
Bxd6 Rxd6 22. Rde1 Kd7 23. Nc4 Rd5 24. Rhg1 Nd4 25. Rg2 b5 26. Nd2 a6 27. c3 Nc6
28. Kc2 Ne5 29. Re3 Kc7 30. g5 Rhd8 31. gxf6 gxf6 32. Ne4 Rxd3 33. Rxd3 Nxd3 34.
Rg7+ Kc6 35. Nxf6 Ne1+ 36. Kc1 Nd3+ 37. Kb1 Rf8 38. Ne4 Kd5 39. Nd2 Rf2 40. Rd7+ 1-0

[Event "European Blitz 2016"]
[Site "Tallinn EST"]
[Date "2016.12.17"]
[Round "13.7"]
[White "Halkias, Stelios"]
[Black "Kozul, Zdenko"]
[Result "0-1"]
[WhiteTitle "GM"]
[BlackTitle "GM"]
[WhiteElo "2585"]
[BlackElo "2613"]
[WhiteFideId "4201809"]
[BlackFideId "14502879"]
[EventDate "2016.12.17"]

1. Nf3 Nf6 2. d4 g6 3. c4 Bg7 4. Nc3 O-O 5. e4 d6 6. Be2 e5 7. Be3 c6 8. O-O Na6
9. d5 Nc5 10. Nd2 a5 11. b3 Bd7 12. a3 cxd5 13. cxd5 Rc8 14. b4 axb4 15. axb4
Nd3 16. Bxd3 Rxc3 17. Be2 Qc7 18. Rc1 Rc8 19. Rxc3 Qxc3 20. Qb1 Ng4 21. Bxg4
Bxg4 22. Qa1 Qxa1 23. Rxa1 Be2 24. h3 f5 25. g3 f4 26. Bb6 fxg3 27. fxg3 Bh6 28.
Nf1 Bd3 29. Re1 Rc4 30. Ne3 Rxe4 31. Kf2 Rxb4 32. Bc7 Rb2+ 33. Kg1 Bf8 34. Ng4
Be7 35. Ra1 Rb1+ 36. Rxb1 Bxb1 37. Kf2 Bf5 38. Ke3 Bxg4 39. hxg4 Kf7 40. Ke4 Ke8
41. Bb6 Bd8 42. Be3 Ba5 43. Kd3 Be1 44. Kc4 Bxg3 45. Kb5 Kd7 46. Kb6 Kc8 47. Kb5
h5 48. gxh5 gxh5 0-1

[Event "European Blitz 2016"]
[Site "Tallinn EST"]
[Date "2016.12.17"]
[Round "13.8"]
[White "Saric, Ivan"]
[Black "Rakhmanov, Aleksandr"]
[Result "0-1"]
[WhiteTitle "GM"]
[BlackTitle "GM"]
[WhiteElo "2652"]
[BlackElo "2667"]
[WhiteFideId "14508150"]
[BlackFideId "4173708"]
[EventDate "2016.12.17"]

1. e4 c5 2. Nf3 Nf6 3. e5 Nd5 4. Nc3 Nxc3 5. dxc3 e6 6. Bf4 Qb6 7. b3 Nc6 8. Qd2
Qc7 9. h4 h6 10. O-O-O a6 11. Bd3 b5 12. Be4 c4 13. Kb1 Bb7 14. Rhe1 Ne7 15. Qd6
Rc8 16. Qxc7 Rxc7 17. Bxb7 Rxb7 18. Kb2 Nd5 19. Bg3 Rc7 20. Rxd5 exd5 21. e6 d6
22. Nd4 g6 23. b4 Be7 24. a4 bxa4 25. Ra1 Bf6 26. exf7+ Kxf7 27. Rxa4 Bxd4 28.
cxd4 Rc6 29. Kc3 Rb8 30. f3 Ke6 31. Kd2 Rb5 32. c3 a5 33. bxa5 Ra6 34. Bf4 Raxa5
35. Rxa5 Rxa5 36. g4 Ra2+ 37. Ke1 h5 38. Bd2 Ra1+ 39. Kf2 Rh1 40. Bf4 hxg4 41.
fxg4 Rxh4 0-1

[Event "European Blitz 2016"]
[Site "Tallinn EST"]
[Date "2016.12.17"]
[Round "13.9"]
[White "Bologan, Victor"]
[Black "Bortnyk, Olexandr"]
[Result "1-0"]
[WhiteTitle "GM"]
[BlackTitle "GM"]
[WhiteElo "2640"]
[BlackElo "2581"]
[WhiteFideId "13900048"]
[BlackFideId "14120828"]
[EventDate "2016.12.17"]

1. e4 Nf6 2. e5 Nd5 3. d4 d6 4. Nf3 g6 5. Bc4 Nb6 6. Bb3 Bg7 7. O-O O-O 8. h3
dxe5 9. Nxe5 N8d7 10. Qe2 Nxe5 11. dxe5 Qd4 12. Re1 Be6 13. Nc3 c6 14. Bg5 Rae8
15. Rad1 Qc5 16. Kh1 Nc4 17. Ne4 Qb5 18. a4 Qb4 19. Rd4 Bxe5 20. Rxc4 Bxc4 21.
Bxc4 Qxb2 22. Bb3 Bg7 23. Nc5 Qd4 24. Be3 Qb4 25. Nd7 b6 26. Nxf8 Bxf8 27. Rd1
e6 28. Qc4 Qxc4 29. Bxc4 Rb8 30. Bf4 Rb7 31. Ba6 Re7 32. Rd8 f6 33. Bh6 Rf7 34.
Bc4 1-0

[Event "European Blitz 2016"]
[Site "Tallinn EST"]
[Date "2016.12.17"]
[Round "13.10"]
[White "Riazantsev, Alexander"]
[Black "Marin, Mihail"]
[Result "1/2-1/2"]
[WhiteTitle "GM"]
[BlackTitle "GM"]
[WhiteElo "2671"]
[BlackElo "2539"]
[WhiteFideId "4125029"]
[BlackFideId "1200020"]
[EventDate "2016.12.17"]

1. d4 Nf6 2. c4 e6 3. Nc3 d5 4. cxd5 exd5 5. Bg5 Nbd7 6. e3 h6 7. Bh4 Be7 8. Bd3
O-O 9. Nf3 b6 10. O-O Bb7 11. Qc2 c5 12. Rad1 Rc8 13. Bf5 g6 14. Bd3 c4 15. Be2
Re8 16. Ne5 Nf8 17. f4 a6 18. a4 Bc6 19. g4 b5 20. axb5 axb5 21. g5 N6h7 22. Bg4
Rc7 23. Bg3 b4 24. Ne2 hxg5 25. f5 b3 26. Qb1 gxf5 27. Qxf5 Bf6 28. Nc3 Bb7 29.
Qf3 Rce7 30. Bf5 Bxe5 31. Bxe5 f6 32. Bxh7+ Nxh7 33. Bxf6 Nxf6 34. Qxf6 Rg7 35.
Qxd8 Rxd8 36. Rf5 g4 37. Kg2 Rd6 38. Rdf1 Re6 39. Re1 Rd6 40. Kg3 Rh7 41. Rg5+
Kh8 42. Rf1 Rg7 43. Rf8+ Kh7 44. Rh5+ Kg6 45. Rff5 Re6 46. Re5 Rxe5 47. Rxe5 Rf7
48. Nxd5 Bxd5 49. Rxd5 Rf3+ 50. Kxg4 Rxe3 51. Rc5 Re2 52. Rxc4 Rxh2 53. Rc6+ Kf7
54. Kf5 Rxb2 55. Rc7+ Ke8 56. Ke6 Rc2 57. Rb7 Rc6+ 1/2-1/2

[Event "European Blitz 2016"]
[Site "Tallinn EST"]
[Date "2016.12.17"]
[Round "13.11"]
[White "Castellanos Rodriguez, Renier"]
[Black "Movsesian, Sergei"]
[Result "0-1"]
[WhiteTitle "IM"]
[BlackTitle "GM"]
[WhiteElo "2491"]
[BlackElo "2673"]
[WhiteFideId "3404650"]
[BlackFideId "310204"]
[EventDate "2016.12.17"]

1. e4 c5 2. Nf3 e6 3. g3 Nc6 4. Bg2 Nf6 5. Qe2 e5 6. O-O Be7 7. d3 h6 8. c3 O-O
9. a3 a5 10. a4 Re8 11. Na3 Bf8 12. Nc4 d6 13. Nfd2 Be6 14. Re1 Qc7 15. Ne3 Ne7
16. Ndc4 Rad8 17. Bd2 b6 18. b4 axb4 19. cxb4 Nc6 20. Nd5 Nxd5 21. exd5 Nd4 22.
Qd1 Bf5 23. Bc3 cxb4 24. Bxb4 Ra8 25. Bc3 b5 26. axb5 Nxb5 27. Bb2 Rxa1 28. Bxa1
Qc5 29. Ne3 Bg6 30. Be4 Ra8 31. Bxg6 fxg6 32. h4 Ra2 33. Qg4 Kh7 34. h5 gxh5 35.
Qxh5 Qc8 36. Qf7 Ra7 37. Qf3 Kg8 38. Qe4 Qa8 39. Bb2 Ra2 40. Nc4 Nc7 41. d4 exd4
42. Qxd4 Qxd5 43. Qxd5+ Nxd5 44. Ra1 Rxa1+ 45. Bxa1 Kf7 46. Kg2 Ke6 47. Kf3 Nc7
48. Nb6 d5 49. Na4 g6 50. Ke3 h5 51. Bd4 Nb5 52. Bc5 Bh6+ 53. Kd3 Bg7 54. Be3
Kd6 55. Nb6 Nc7 56. Bf4+ Be5 57. Nc8+ Ke6 58. Bxe5 Kxe5 59. Ne7 g5 60. Ke3 d4+
61. Kd3 Ne6 62. Nc6+ Kf5 63. f3 h4 64. gxh4 gxh4 65. Ke2 Nf4+ 66. Kf2 d3 67.
Nd4+ Ke5 68. Nb3 Kd5 69. Nd2 Kd4 70. Nf1 Kc3 71. Ke3 h3 72. Kxf4 h2 73. Nxh2 d2
74. Ng4 d1=Q 75. Ne3 Qd4+ 0-1

[Event "European Blitz 2016"]
[Site "Tallinn EST"]
[Date "2016.12.17"]
[Round "13.12"]
[White "Vallejo Pons, Francisco"]
[Black "Zorko, Jure"]
[Result "1-0"]
[WhiteTitle "GM"]
[BlackTitle "IM"]
[WhiteElo "2711"]
[BlackElo "2454"]
[WhiteFideId "2205530"]
[BlackFideId "14604051"]
[EventDate "2016.12.17"]

1. d4 Nf6 2. c4 e6 3. g3 d5 4. Bg2 Bb4+ 5. Nd2 O-O 6. Qc2 c5 7. dxc5 Bxc5 8.
cxd5 Na6 9. Nb3 Bb4+ 10. Bd2 exd5 11. Nf3 Re8 12. e3 Ne4 13. O-O Nxd2 14. Nbxd2
Be7 15. Nb3 Bf6 16. Nbd4 Bd7 17. Rac1 Qb6 18. Qd2 g6 19. h4 Rac8 20. Ng5 Qd6 21.
Nb3 h6 22. Ne4 Qe7 23. Nxf6+ Qxf6 24. Qxd5 Bc6 25. Qd4 Qxd4 26. Nxd4 Bxg2 27.
Kxg2 Nb4 28. Rcd1 Nxa2 29. Ra1 Nb4 30. Rxa7 Re7 31. Rfa1 Nd3 32. b3 h5 33. R1a5
Rc1 34. Ra1 Rxa1 35. Rxa1 Nc5 36. Ra7 Kf8 37. Kf3 Rd7 38. b4 Nd3 39. b5 Ke7 40.
Ra3 Ne5+ 41. Ke2 Rc7 42. Ra7 Nc4 43. Ra8 Nd6 44. Rb8 Rc5 45. Kd3 Rc1 46. Ke2 Rb1
47. Kd3 Rb2 48. f3 Rg2 49. e4 Rxg3 50. e5 Nf5 51. Rxb7+ Ke8 52. b6 Nxd4 53. Kxd4
Rxf3 54. Rc7 Kd8 55. Kd5 Rd3+ 56. Kc6 g5 57. hxg5 h4 58. Rxf7 Rc3+ 59. Kd6 Rd3+
60. Ke6 Ke8 61. Rh7 Kf8 62. b7 Rb3 63. b8=Q+ Rxb8 64. Rh8+ 1-0

[Event "European Blitz 2016"]
[Site "Tallinn EST"]
[Date "2016.12.17"]
[Round "13.13"]
[White "Kantans, Toms"]
[Black "Grandelius, Nils"]
[Result "1-0"]
[WhiteTitle "IM"]
[BlackTitle "GM"]
[WhiteElo "2454"]
[BlackElo "2643"]
[WhiteFideId "11602945"]
[BlackFideId "1710400"]
[EventDate "2016.12.17"]

1. e4 c5 2. Nf3 d6 3. Bb5+ Nd7 4. d4 cxd4 5. Qxd4 a6 6. Bxd7+ Bxd7 7. c4 Rc8 8.
O-O Qc7 9. Na3 e5 10. Qd3 h6 11. Be3 Nf6 12. h3 Be7 13. Rac1 O-O 14. Rfd1 Be6
15. b3 Qa5 16. Nc2 b5 17. cxb5 axb5 18. Nd2 Qxa2 19. Nb4 Qa8 20. Ra1 Qb8 21. Ra7
Bd8 22. Na6 Qxa7 23. Bxa7 Ra8 24. Qe3 d5 25. Bc5 d4 26. Qd3 Rxa6 27. Bxf8 Kxf8
28. Qxb5 Ra5 29. Qb8 Ke8 30. b4 Ra4 31. Qxe5 Rxb4 32. Nf3 d3 33. Nd4 Nd7 34.
Qxg7 Bc4 35. Nf5 Rb6 36. Qh8+ Nf8 37. Qe5+ Re6 38. Qd4 Bb3 39. Rxd3 Bc2 40. Ng7+
Ke7 41. Nxe6 Nxe6 42. Qb4+ 1-0

[Event "European Blitz 2016"]
[Site "Tallinn EST"]
[Date "2016.12.17"]
[Round "13.14"]
[White "Plat, Vojtech"]
[Black "Pohjala, Henri"]
[Result "1-0"]
[WhiteTitle "IM"]
[BlackTitle "FM"]
[WhiteElo "2532"]
[BlackElo "2382"]
[WhiteFideId "325740"]
[BlackFideId "506478"]
[EventDate "2016.12.17"]

1. d4 d5 2. c4 c6 3. Nc3 Nf6 4. cxd5 cxd5 5. Bf4 a6 6. Rc1 Nc6 7. e3 e6 8. Bd3
Be7 9. Nge2 O-O 10. h3 Bd7 11. O-O Rc8 12. Bb1 b5 13. Bh2 Na5 14. Nf4 Nc4 15. b3
Na3 16. Bd3 Qa5 17. Nce2 b4 18. Qd2 Nb5 19. g4 Nc3 20. Nxc3 bxc3 21. Qc2 h6 22.
f3 Ba3 23. Rb1 Qb6 24. b4 a5 25. b5 a4 26. Qxa4 Bd6 27. Qc2 e5 28. Ne2 e4 29.
fxe4 Bxh2+ 30. Kxh2 dxe4 31. Bxe4 Nxe4 32. Qxe4 c2 33. Rbc1 Bxb5 34. Rxc2 Qa6
35. Rf2 Bd3 36. Rxc8 Bxe4 37. Rxf8+ Kxf8 38. Ng3 Qd3 39. a4 Ba8 40. Nf1 Qe4 41.
Ng3 Qxe3 42. Rb2 Qf3 43. a5 g6 44. a6 Kg7 45. a7 Qc6 46. Rd2 Qd6 47. d5 Bxd5 48.
a8=Q 1-0

[Event "European Blitz 2016"]
[Site "Tallinn EST"]
[Date "2016.12.17"]
[Round "13.15"]
[White "Zhigalko, Sergei"]
[Black "Grigoriants, Sergey"]
[Result "1-0"]
[WhiteTitle "GM"]
[BlackTitle "GM"]
[WhiteElo "2671"]
[BlackElo "2563"]
[WhiteFideId "13502956"]
[BlackFideId "4130804"]
[EventDate "2016.12.17"]

1. e4 e5 2. Nf3 Nc6 3. Bb5 a6 4. Ba4 Nf6 5. O-O b5 6. Bb3 Bc5 7. Nc3 O-O 8. d3
h6 9. a4 b4 10. Nd5 d6 11. Be3 Be6 12. a5 Bxd5 13. exd5 Bxe3 14. fxe3 Ne7 15. e4
Ng6 16. Qd2 Qb8 17. Ra4 Qa7+ 18. Kh1 Rab8 19. Rxb4 Nd7 20. Ba4 Nc5 21. Bc6 f5
22. Rxb8 Qxb8 23. exf5 Rxf5 24. b4 e4 25. dxe4 Nxe4 26. Qd3 Qxb4 27. c3 Nf4 28.
cxb4 Nxd3 29. b5 Nb4 30. b6 cxb6 31. axb6 Nc5 32. Rb1 a5 33. h3 Rf8 34. Nd2 Kf7
35. Nc4 Ke7 36. Nxa5 Ncd3 37. b7 Rb8 38. Nc4 Na6 39. Ra1 Ndc5 40. Re1+ Kf6 41.
Nxd6 Nc7 42. Kh2 Nd3 43. Ne8+ Kf7 44. Rf1+ Ke7 45. Nxc7 1-0

[Event "European Blitz 2016"]
[Site "Tallinn EST"]
[Date "2016.12.17"]
[Round "13.16"]
[White "Agrest, Evgenij"]
[Black "Wojtaszek, Radoslaw"]
[Result "0-1"]
[WhiteTitle "GM"]
[BlackTitle "GM"]
[WhiteElo "2593"]
[BlackElo "2749"]
[WhiteFideId "1705024"]
[BlackFideId "1118358"]
[EventDate "2016.12.17"]

1. c4 e6 2. Nf3 d5 3. g3 a6 4. b3 Nf6 5. Bg2 Be7 6. O-O O-O 7. Bb2 b5 8. d3 Bb7
9. Nbd2 Nbd7 10. cxd5 Nxd5 11. a3 c5 12. Qc2 Rc8 13. Rac1 h6 14. Qb1 Re8 15. Ne4
N5f6 16. Ned2 Qb6 17. Rfd1 Bf8 18. e4 Red8 19. Nf1 Be7 20. Ne3 Nb8 21. b4 c4 22.
dxc4 Rxd1+ 23. Rxd1 Bxe4 24. Qa1 bxc4 25. Bd4 Qb7 26. Ne5 Bxg2 27. Nxg2 Nc6 28.
Nxc6 Qxc6 29. Ne3 c3 30. Rc1 Ne4 31. Nd1 Bf6 32. Bxf6 gxf6 33. Qa2 c2 34. Ne3
Ng5 35. Rxc2 Nh3+ 36. Kf1 Qh1+ 37. Ke2 Rd8 38. Qc4 Ng1+ 39. Kf1 Nf3+ 40. Ke2
Nd4+ 0-1